Marketing and promoting agricultural and rural development publications: a practical guide (Record no. 50416)

MARC details
000 -LEADER
fixed length control field 00800nam a2200205 a 4500
008 - FIXED-LENGTH DATA ELEMENTS--GENERAL INFORMATION
fixed length control field 100119s2000 ||||||||||||||||| || u
020 ## - INTERNATIONAL STANDARD BOOK NUMBER
International Standard Book Number 1902928016
050 ## - LIBRARY OF CONGRESS CALL NUMBER
Classification number CTA(02)2000/1
100 ## - MAIN ENTRY--PERSONAL NAME
Personal name Impey, Bridget
245 10 - TITLE STATEMENT
Title Marketing and promoting agricultural and rural development publications: a practical guide
Statement of responsibility, etc. Bridget Impey
260 ## - PUBLICATION, DISTRIBUTION, ETC.
Place of publication, distribution, etc. Oxford:
Name of publisher, distributor, etc. INASP
Date of publication, distribution, etc. 2000
300 ## - PHYSICAL DESCRIPTION
Extent x, 70pages : illustrations.
350 ## - PRICE (NR) (BK AM CF MU VM SE) [OBSOLETE]
Price 0.00
500 ## - GENERAL NOTE
General note CLASS CHANGED FROM Z 278 Imp
650 ## - SUBJECT ADDED ENTRY--TOPICAL TERM
Topical term or geographic name entry element BOOKS
650 ## - SUBJECT ADDED ENTRY--TOPICAL TERM
Topical term or geographic name entry element AGRICULTURE PUBLISHING--MARKETING
650 ## - SUBJECT ADDED ENTRY--TOPICAL TERM
Topical term or geographic name entry element PUBLISHERS AND PUBLISHING--MARKETING
650 ## - SUBJECT ADDED ENTRY--TOPICAL TERM
Topical term or geographic name entry element BOOKS--MARKETING
995 ## - RECOMMENDATION 995 [LOCAL, UNIMARC FRANCE]
-- 0.00
-- CBU-MAIN LIBRARY (Kitwe)
-- 1
-- 0.00
-- 1
-- AVAILABLE
-- Mar 6, 2013
-- Mar 10, 2010
-- International Publications
Holdings
Withdrawn status Lost status Source of classification or shelving scheme Damaged status Not for loan Home library Current library Shelving location Date acquired Total Checkouts Full call number Barcode Date last seen Price effective from Koha item type
          CBU-MAIN LIBRARY, KITWE. CBU-MAIN LIBRARY, KITWE.   11/30/2022   CTA(02)2000/1 740876 11/30/2022 11/30/2022 MONOGRAPH